000 00727nam a22002657a 4500
003 UA-OsUOA
001 28604
007 ta
008 20050413b un ||||| |||| 00| 0 ukr d
100 _aСитник П. К.
700 _aДербак А. П.
090 _a172.15+159.922.4(477)
_bС41
942 _cBK
040 _aUA-OsUOA
_bukr
_cUA-OsUOA
_dUA-OsUOA
245 _aПроблеми формування національної самосвідомості в Україні
_bМонографія
300 _a226 с.
955 _a0
041 _aukr
080 _a172.15+159.922.4(477)
020 _a966-554-077-7
260 _aК.
_bНІСД
_c2004
044 _aUA
650 7 _2UDC
999 _c314973
_d314973